Normale Ansicht MARC-Ansicht ISBD

The image of Peter the Great in Russian History and Thought (Titelsatznr. 8639)

[ MARC ]
MARC-Details
000 -Satzkennung
Kontrollfeld mit fester Länge 00380nam a22001451c 4500
001 - Kontrollnummer
Kontrollfeld a987656947
008 - Feld mit fester Länge zur physischen Beschreibung - Allgemeine Angaben
Kontrollfeld mit fester Länge 070619s1992 gw |||| 000u eng d
041 ## - Sprachcode
Sprachcode des Textes/der Tonspur oder des separaten Titels eng
040 ## - Katalogisierungsquelle
Übertragungsstelle RU-10907106
003 - Kontrollnummer Identifier
Kontrollfeld RU-10907106
100 1# - Haupteintragung - Personenname
Personenname Riasanovsky, Nicholas V.
245 04 - Titel
Titel The image of Peter the Great in Russian History and Thought
264 ## - Produktion, Veröffentlichung, Distribution, Herstellung und Urheberrechtsvermerk
Herstellungs-, Veröffentlichungs- Vertriebs-, Erzeugungsort Oxford :
Produzent, Herausgeber, Distributor, Hersteller Oxford UP,
Datum der Herstellung, der Veröffentlichung, des Vertriebs oder des Urheberschutzvermerks 1992
942 ## - Zusätzliche Felder (Koha)
Koha-Medientyp Monographien
Exemplare
Ausgeschieden Verloren Klassifikation oder Aufstellungssystematik Beschädigt Nicht entleihbar Heimatbibliothek Aufenthaltsbibliothek Aufstellungsort Erwerbungsdatum Inventarnummer Signatur Barcode Letzte Aktivität Preis gültig von Koha-Medientyp
    Andere/Generische Klassifikation     MWN Osteuropa MWN Osteuropa Magazin - 2 19/06/2007 07-04226 R 50 u Ria E004015073DE85AC 22/02/2021 22/03/2021 Monographien